The "building blocks" of effective government debt management : / paper written following a UNITAR sub-regional workshop on effective national debt management for Eastern and Southern African nations, Harare-Zimbabwe, 20 to 24 September 1999

محفوظ في:
التفاصيل البيبلوغرافية
المؤلف الرئيسي: Horgan, Michael
التنسيق: كتاب
منشور في: Geneva : UNITAR, c1999.
سلاسل:Unitar training programmes in the legal aspects of debt and financial management
الموضوعات:
الوسوم: إضافة وسم
لا توجد وسوم, كن أول من يضع وسما على هذه التسجيلة!

MARC

LEADER 00000nam a2200000 4500
020 |a NA  |c NA 
040 |a MUL  |b eng.  |e AACR 
082 |a 336.3409597 UNI 
100 |a Horgan, Michael 
245 |a The "building blocks" of effective government debt management :   |b / paper written following a UNITAR sub-regional workshop on effective national debt management for Eastern and Southern African nations, Harare-Zimbabwe, 20 to 24 September 1999  |c Michael, Horgan 
260 |a Geneva :  |b UNITAR,   |c c1999. 
300 |a  56 p. :   |c 24 cm 
440 |a  Unitar training programmes in the legal aspects of debt and financial management 
650 |a Government debts   |z Geneva  
650 |a Government securities  
650 |a Loans Risk Management  |z Geneva  
700 |a Horgan, Michael 
942 |c BK 
999 |c 9250  |d 9250